Statistiques concernant Culture Générale - Série 1831

Cliquez ici pour prendre le quiz!

Statistiques générales

  • Ce quiz a été pris 76 fois
  • Le résultat moyen est 3 sur 10

Statistiques - réponses

QuestionRéponse% Correct
Quel nom donne-t-on à ce symbole : @arobase
93%
Comment appelle-t-on la publication fournissant des renseignements spécialisés sur un produit (exemple cote d'une voiture) ?argus
60%
Dans quel pays se trouve la ville balnéaire et portuaire d'Eilat ?Israel
58%
Quel international français de rugby était surnommé "Casque d'or" ?Jean-Pierre Rives
56%
Complétez le titre du film réalisé en 2018 par Christophe Duthuron avec Pierre Richard, Eddy Mitchell et Alice Pol : " Les vieux ....fourneaux
26%
Dans la mythologie grecque, de quel roi de Thèbes Antigone est-elle la fille ?Oedipe
25%
Le sorbier domestique est un arbre fruitier appelé aussi : ----cormier
4%
Le nostoc est une espèce d'algue d'apparence gelatineuse qui envahit pelouses et allées. Elle est appelée également " crachat de ....lune
1%
Comment appelle-t-on le petit du gnou ?gaou
0%
Quel muscle du corps humain est appelé parfois " muscle de l'âme" ?psoas
0%

Distribution des résultats

Percentile par nombre de réponses

% des personnes avec chaque résultat

Votre développement - résultats

Vous n’avez pas pris ce quiz